Biện pháp quản lý hoạt động dạy học nghề phổ thông ở Trung tâm Giáo dục thường xuyên - Hướng nghiệp và dạy nghề huyện Mộ Đức tỉnh Quảng Ngãi

Cơ sở lý luận của việc quản lý hoạt động dạy học nghề phổ thông ở trung tâm giáo dục thường xuyên - hướng nghiệp và dạy nghề; Thực trạng về quản lý hoạt động dạy học nghề phổ thông ở trung tâm giáo dục thường xuyên - hướng nghiệp và dạy nghề huyện Mộ Đức tỉnh Quãng Ngãi; Biện pháp quản lý hoạt động...

সম্পূর্ণ বিবরণ

সংরক্ষণ করুন:
গ্রন্থ-পঞ্জীর বিবরন
প্রধান লেখক: Nguyễn Tấn Giỏi
অন্যান্য লেখক: Võ Nguyên Du T.S (Hướng dẫn)
বিন্যাস: গ্রন্থ
প্রকাশিত: Đà Nẵng Đại học Đà Nẵng 2012
বিষয়গুলি:
ট্যাগগুলো: ট্যাগ যুক্ত করুন
কোনো ট্যাগ নেই, প্রথমজন হিসাবে ট্যাগ করুন!
Thư viện lưu trữ: Mạng thư viện Đại học Đà Nẵng
LEADER 02077nam a2200313 4500
001 000017687
003 14112
005 20130903090947.0
008 130514s2012 sd
082 |a 373.246  |b NG-G 
100 |a Nguyễn Tấn Giỏi 
245 |a Biện pháp quản lý hoạt động dạy học nghề phổ thông ở Trung tâm Giáo dục thường xuyên - Hướng nghiệp và dạy nghề huyện Mộ Đức tỉnh Quảng Ngãi  |c Nguyễn Tấn Giỏi ; Võ Nguyên Du hướng dẫn.  |k Luận văn Thạc sĩ 
260 |a Đà Nẵng  |b Đại học Đà Nẵng  |c 2012 
300 |a 105 tr.  |c 29 cm.  |e Đĩa CD, tài liệu tóm tắt 
500 |a Luận văn thạc sĩ Giáo dục học. Chuyên ngành : Quản lý giáo dục. Mã số: 60.14.05. 
520 |a Cơ sở lý luận của việc quản lý hoạt động dạy học nghề phổ thông ở trung tâm giáo dục thường xuyên - hướng nghiệp và dạy nghề; Thực trạng về quản lý hoạt động dạy học nghề phổ thông ở trung tâm giáo dục thường xuyên - hướng nghiệp và dạy nghề huyện Mộ Đức tỉnh Quãng Ngãi; Biện pháp quản lý hoạt động dạy học nghề phổ thông tại trung tâm giáo dục thường xuyên - hướng nghiệp và dạy nghề huyện Mộ Đức... 
650 0 4 |a Giáo dục thường xuyên  |v Luận văn tốt nghiệp  |x Giáo dục dạy nghề  |z Quảng Ngãi 
653 |a Quản lý giáo dục  |a Giáo dục thường xuyên  |a Giáo dục dạy nghề 
700 |a Võ Nguyên Du  |c T.S  |e Hướng dẫn 
OWN |a LSP 
AVA |a UDN50  |b LSP  |d 373.246 NG-G  |e available  |t Error 5001 Not defined in file expand_doc_bib_avail.  |f 1  |g 0  |h N  |i 0  |k 1 
999 |a From the UDN01 
AVA |a UDN50  |b LSP  |d 373.246 NG-G  |e available  |t Error 5001 Not defined in file expand_doc_bib_avail.  |f 1  |g 0  |h N  |i 0  |k 1 
TYP |a Monograph 
TYP |a Printed language 
980 |a Mạng thư viện Đại học Đà Nẵng